[Event "BCF-chT2a 1718 (4NCL)"]
[Site "England"]
[Date "2018.03.17"]
[Round "7.27"]
[White "Guha, Chirag"]
[Black "Disu, Kayode"]
[Result "1-0"]
[WhiteElo "1982"]
[BlackElo "1931"]
[PlyCount "105"]
[EventDate "2017.11.11"]
[EventType "team-tourn"]
[EventRounds "7"]
[EventCountry "ENG"]
[SourceTitle "EXT 2020"]
[Source "ChessBase"]
[SourceDate "2019.10.17"]
[SourceVersion "1"]
[SourceVersionDate "2019.10.17"]
[SourceQuality "1"]
[WhiteTeam "Wood Green Monarchs"]
[BlackTeam "Kings Head"]
[WhiteTeamCountry "ENG"]
[BlackTeamCountry "ENG"]

1. d4 Nf6 2. c4 e6 3. g3 Nc6 4. Nf3 Bb4+ 5. Bd2 Qe7 6. Bg2 Bxd2+ 7. Nbxd2 0-0 8. 0-0 a5 9. e4 d6 10. Re1 e5 11. d5 Nb8 12. h3 Na6 13. a3 c6 14. dxc6 bxc6 15. b4 axb4 16. axb4 Bd7 17. c5 dxc5 18. bxc5 Qxc5 19. Rc1 Qe7 20. Nc4 Rfd8 21. Qe2 Nb4 22. Ncxe5 Ra2 23. Qc4 Be8 24. Qb3 Qa7 25. Qe3 Qa6 26. Qc5 Nd3 27. Nxd3 Qxd3 28. e5 Nd5 29. e6 fxe6 30. Rxe6 Qa3 31. Qxa3 Rxa3 32. Ne5 Nc7 33. Re7 Rc8 34. Bxc6 Bxc6 35. Rxc6 Ra7 36. Nc4 Ne8 37. Rxc8 Rxe7 38. Nd6 Kf8 39. Rxe8+ Rxe8 40. Nxe8 Kxe8 41. f4 Kf7 42. Kf2 Kf6 43. Kf3 g5 44. Kg4 gxf4 45. gxf4 Kg6 46. f5+ Kf6 47. Kf4 h6 48. h4 Kf7 49. Ke5 Ke7 50. f6+ Kf8 51. Kf5 Kf7 52. h5 Kf8 53. Kg6 1-0

[Event "BCF-chT2a 1718 (4NCL)"]
[Site "England"]
[Date "2017.11.11"]
[Round "1.47"]
[White "Crocker, Philip J"]
[Black "Disu, Kayode"]
[Result "1-0"]
[WhiteElo "2084"]
[BlackElo "1948"]
[PlyCount "68"]
[EventDate "2017.11.11"]
[EventType "team-tourn"]
[EventRounds "7"]
[EventCountry "ENG"]
[SourceTitle "EXT 2020"]
[Source "ChessBase"]
[SourceDate "2019.10.17"]
[SourceVersion "1"]
[SourceVersionDate "2019.10.17"]
[SourceQuality "1"]
[WhiteTeam "Barbican Youth"]
[BlackTeam "Kings Head"]
[WhiteTeamCountry "ENG"]
[BlackTeamCountry "ENG"]

1. c4 e5 2. g3 Nc6 3. Nc3 f5 4. Nf3 e4 5. Nh4 g6 6. d3 exd3 7. exd3 Qe7+ 8. Be2 Nf6 9. Bg5 Qg7 10. 0-0 Be7 11. Re1 0-0 12. Qd2 Qf7 13. Bf3 Bb4 14. a3 Bxc3 15. Qxc3 d6 16. Bh6 Rd8 17. Bxc6 bxc6 18. Re2 Re8 19. Rxe8+ Nxe8 20. Re1 Ng7 21. Bxg7 g5 22. Nf3 Bd7 23. Bf6 Re8 24. Rxe8+ Bxe8 25. Bxg5 Qh5 26. Qe1 Bf7 27. Kg2 d5 28. b3 h6 29. Be3 c5 30. Bxc5 dxc4 31. dxc4 f4 32. Qe5 Qg6 33. Bd4 Kf8 34. Qxf4 Qc6 1-0

[Event "BCF-chT1d 1617 (4NCL) Demotion pool"]
[Site "England"]
[Date "2017.04.30"]
[Round "10.88"]
[White "Disu, Kayode"]
[Black "Smith, Lynda"]
[Result "0-1"]
[WhiteElo "1976"]
[BlackElo "1863"]
[PlyCount "200"]
[EventDate "2016.11.19"]
[EventType "team-tourn"]
[EventRounds "4"]
[EventCountry "ENG"]
[SourceTitle "EXT 2018"]
[Source "ChessBase"]
[SourceDate "2017.10.13"]
[SourceVersion "1"]
[SourceVersionDate "2017.10.13"]
[SourceQuality "1"]
[WhiteTeam "Kings Head"]
[BlackTeam "North East England"]
[WhiteTeamCountry "ENG"]
[BlackTeamCountry "ENG"]

1. c4 f5 2. Nc3 Nf6 3. g3 g6 4. Bg2 Bg7 5. d3 0-0 6. e4 fxe4 7. dxe4 e5 8. Bg5 d6 9. Qd2 Be6 10. h4 Qd7 11. b3 Nc6 12. Nge2 Nd4 13. Nxd4 exd4 14. Ne2 Ng4 15. Bf4 c5 16. Rd1 Ne5 17. 0-0 b5 18. cxb5 Qxb5 19. Rfe1 Bg4 20. Bxe5 dxe5 21. Qd3 Qxd3 22. Rxd3 Bh6 23. Nc1 Rac8 24. f3 Be6 25. Rdd1 c4 26. bxc4 Rxc4 27. Nd3 Bg7 28. Rc1 Rfc8 29. Bf1 a5 30. Rxc4 Bxc4 31. Rc1 Be6 32. Rxc8+ Bxc8 33. Nc5 Bf8 34. Bc4+ Kg7 35. Nd3 Bd6 36. Kf2 Bb7 37. Bb5 h6 38. Nb2 Kf6 39. Nc4 Bb4 40. Ke2 Bc3 41. Nd6 Ba8 42. Ne8+ Ke7 43. Nc7 Bb7 44. Nd5+ Bxd5 45. exd5 Bb4 46. f4 Kf6 47. Be8 Bc5 48. Kd3 Bb4 49. Kc4 g5 50. h5 Ke7 51. Bc6 Kd6 52. Kd3 Kc7 53. Ke4 Kb6 54. Kd3 Kc7 55. Kc4 Kd6 56. g4 gxf4 57. g5 Ke7 58. gxh6 Kf7 59. Be8+ Kg8 60. Bg6 Bf8 61. h7+ Kh8 62. Kd3 Bd6 63. Ke4 Bb8 64. Kf3 Bc7 65. Kg4 Bb8 66. Be4 Bc7 67. Kf5 Kxh7 68. Ke6+ Kh6 69. d6 Bd8 70. Kxe5 Kxh5 71. Bf3+ Kg5 72. Ke6 Kh4 73. Kf5 Kg3 74. Ke4 d3 75. Bh5 d2 76. Kd3 f3 77. Kxd2 f2 78. Be2 Kg2 79. d7 f1Q 80. Bxf1+ Kxf1 81. Kd1 Kf2 82. Kd2 Kf3 83. Kd3 Kf4 84. Kd4 Kf5 85. Kd5 Kf6 86. Kd6 Kf7 87. Kd5 Ke7 88. Kc6 Ke6 89. Kb5 Kxd7 90. Kc5 Ke6 91. Kc4 Kd6 92. Kd4 Kc6 93. Kc4 Bc7 94. a3 Bd8 95. Kb3 Kb5 96. a4+ Kc5 97. Kc3 Bf6+ 98. Kb3 Bd4 99. Ka3 Kc4 100. Ka2 Kb4 0-1

[Event "London Classic op 8th"]
[Site "London"]
[Date "2016.12.16"]
[Round "9"]
[White "Disu, Kayode"]
[Black "Jones, Steven"]
[Result "1/2-1/2"]
[WhiteElo "1976"]
[BlackElo "2175"]
[PlyCount "32"]
[EventDate "2016.12.09"]
[EventType "swiss"]
[EventRounds "9"]
[EventCountry "ENG"]
[SourceTitle "CBM 176 Extra"]
[Source "ChessBase"]
[SourceDate "2017.03.02"]
[SourceVersion "1"]
[SourceVersionDate "2017.03.02"]
[SourceQuality "1"]

1. d4 Nf6 2. Bf4 g6 3. Nc3 d5 4. e3 Bg7 5. Nf3 0-0 6. Be2 c5 7. Ne5 Nc6 8. Nxc6 bxc6 9. Be5 Nd7 10. Bxg7 Kxg7 11. 0-0 Qa5 12. Qd2 Rb8 13. b3 cxd4 14. exd4 e6 15. Rfd1 c5 16. Na4 Qxd2 1/2-1/2

[Event "London Classic op 8th"]
[Site "London"]
[Date "2016.12.11"]
[Round "4"]
[White "Disu, Kayode"]
[Black "Bird, Joel"]
[Result "1-0"]
[WhiteElo "1976"]
[BlackElo "2171"]
[PlyCount "105"]
[EventDate "2016.12.09"]
[EventType "swiss"]
[EventRounds "9"]
[EventCountry "ENG"]
[SourceTitle "CBM 176 Extra"]
[Source "ChessBase"]
[SourceDate "2017.03.02"]
[SourceVersion "1"]
[SourceVersionDate "2017.03.02"]
[SourceQuality "1"]

1. d4 Nf6 2. Bf4 d5 3. e3 c6 4. Nf3 Qb6 5. b3 Bf5 6. Bd3 Ne4 7. 0-0 e6 8. c4 Be7 9. c5 Qd8 10. Qc2 g5 11. Bxb8 Rxb8 12. Nc3 Nxc3 13. Bxf5 exf5 14. Qxc3 Bf6 15. b4 0-0 16. Rfb1 Re8 17. b5 g4 18. Ne1 f4 19. exf4 Re4 20. Nc2 Rxf4 21. Rb4 cxb5 22. Rxb5 Qe8 23. Qd3 Qe4 24. Rd1 a6 25. Qxe4 Rxe4 26. Rb6 Re6 27. Rdb1 Rbe8 28. Rxe6 Rxe6 29. Kf1 Re4 30. Rxb7 Bxd4 31. c6 Be5 32. c7 Bxc7 33. Rxc7 Ra4 34. a3 h5 35. Rc5 d4 36. Ke2 d3+ 37. Kxd3 Rf4 38. Rxh5 f5 39. Ne3 Rxf2 40. Rxf5 Ra2 41. Ra5 g3 42. hxg3 Rb2 43. Rxa6 Rb3+ 44. Ke4 Kf7 45. g4 Rb8 46. g5 Re8+ 47. Kf4 Kg7 48. Nf5+ Kg8 49. Ra7 Rf8 50. g6 Re8 51. Kg5 Kh8 52. a4 Rg8 53. Rh7# 1-0

[Event "BCF-chT2a 1516 (4NCL)"]
[Site "England"]
[Date "2016.02.13"]
[Round "5.227"]
[White "Disu, Kayode"]
[Black "Shepley, Julien M"]
[Result "0-1"]
[WhiteElo "1950"]
[BlackElo "2042"]
[PlyCount "176"]
[EventDate "2015.11.14"]
[EventType "team-tourn"]
[EventRounds "7"]
[EventCountry "ENG"]
[SourceTitle "CBM 170 Extra"]
[Source "ChessBase"]
[SourceDate "2016.02.25"]
[SourceVersion "1"]
[SourceVersionDate "2016.02.25"]
[SourceQuality "1"]
[WhiteTeam "Kings Head"]
[BlackTeam "Guildford III"]
[WhiteTeamCountry "ENG"]
[BlackTeamCountry "ENG"]

1. e4 d5 2. exd5 Qxd5 3. Nc3 Qd6 4. d4 Nf6 5. h3 g6 6. Nf3 Bg7 7. Bg5 c6 8. Qd2 Nbd7 9. Be2 Qb4 10. a3 Qxb2 11. 0-0 Qb6 12. Na4 Qd8 13. Bd3 h6 14. Bf4 Nd5 15. Bh2 0-0 16. c4 Nc7 17. Rae1 Nf6 18. Bf4 Kh7 19. Nc3 Ne6 20. Be5 Qa5 21. Qb2 Qb6 22. Qa2 Nd7 23. Bxg7 Kxg7 24. d5 Nf4 25. Bc2 cxd5 26. Nxd5 Nxd5 27. cxd5 Qd6 28. Re3 Nf6 29. Bb3 Bd7 30. Rfe1 Rfe8 31. Ne5 b5 32. Nxd7 Nxd7 33. Qb2+ Nf6 34. Ba2 a6 35. Rc1 Rac8 36. Rec3 Rxc3 37. Qxc3 Rd8 38. Qb2 Qf4 39. Rc6 e5 40. Rxa6 Nxd5 41. Ra7 Qd4 42. Qxd4 exd4 43. Bxd5 Rxd5 44. Kf1 Kf6 45. Ke2 Rc5 46. Kd2 Rc4 47. Rb7 Ra4 48. Rxb5 Rxa3 49. Rd5 Ra2+ 50. Ke1 Ra4 51. Ke2 Ke6 52. Rd8 Ra2+ 53. Kf3 Ke5 54. g3 Ra3+ 55. Ke2 h5 56. h4 Ra2+ 57. Kf3 Rd2 58. Rd7 f6 59. Re7+ Kf5 60. Rd7 g5 61. hxg5 fxg5 62. Rd5+ Kf6 63. Rd8 Ke6 64. Rh8 g4+ 65. Ke4 Rxf2 66. Rh6+ Kf7 67. Rxh5 Rf3 68. Kxd4 Rxg3 69. Ke4 Kg6 70. Ra5 Rf3 71. Rb5 Rf2 72. Ke3 g3 73. Rb8 Kg5 74. Rg8+ Kh4 75. Rh8+ Kg4 76. Rg8+ Kh3 77. Rh8+ Kg2 78. Rg8 Kh2 79. Rg7 Rf1 80. Rh7+ Kg1 81. Rg7 g2 82. Ke2 Rf2+ 83. Ke1 Rf5 84. Rh7 Re5+ 85. Kd2 Kf2 86. Rf7+ Kg3 87. Rg7+ Kf3 88. Rf7+ Kg4 0-1

[Event "London Classic op 7th"]
[Site "London"]
[Date "2015.12.08"]
[Round "6"]
[White "Wecker, Martin"]
[Black "Disu, Kayode"]
[Result "1-0"]
[WhiteElo "2161"]
[BlackElo "1910"]
[PlyCount "101"]
[EventDate "2015.12.04"]
[EventType "swiss"]
[EventRounds "9"]
[EventCountry "ENG"]
[SourceTitle "CBM 169 Extra"]
[Source "ChessBase"]
[SourceDate "2015.12.18"]
[SourceVersion "1"]
[SourceVersionDate "2015.12.18"]
[SourceQuality "1"]

1. Nf3 d5 2. c4 e6 3. g3 c6 4. d4 f5 5. Bg2 Nf6 6. 0-0 Bd6 7. Qc2 0-0 8. Nc3 Ne4 9. Rb1 a5 10. a3 Qe7 11. c5 Bc7 12. b4 axb4 13. axb4 b6 14. Na4 b5 15. Nb2 Nd7 16. Nd3 Bb7 17. Bf4 Bxf4 18. gxf4 g5 19. e3 Kh8 20. Nfe5 g4 21. f3 gxf3 22. Bxf3 Rg8+ 23. Kh1 Ndf6 24. Rg1 Raf8 25. Ra1 Qc7 26. Rxg8+ Rxg8 27. Rg1 Rxg1+ 28. Kxg1 Qg7+ 29. Kh1 h5 30. Qa2 Ng4 31. Bxg4 hxg4 32. Qa5 Kh7 33. Qd8 g3 34. Qh4+ Kg8 35. h3 g2+ 36. Kg1 Ng3 37. Kxg2 Ne2+ 38. Qg5 Nc3 39. h4 Nd1 40. Kf3 Nc3 41. h5 Ne4 42. Qxg7+ Kxg7 43. Nc1 Nd2+ 44. Ke2 Nc4 45. Ncd3 Nxe5 46. Nxe5 Kh6 47. Nf7+ Kxh5 48. Nd8 Ba8 49. Nxe6 Kg4 50. Nd8 Kg3 51. Nf7 1-0

[Event "London Classic op 7th"]
[Site "London"]
[Date "2015.12.07"]
[Round "5"]
[White "Disu, Kayode"]
[Black "Myers, Dominique"]
[Result "1-0"]
[WhiteElo "1910"]
[BlackElo "2132"]
[PlyCount "85"]
[EventDate "2015.12.04"]
[EventType "swiss"]
[EventRounds "9"]
[EventCountry "ENG"]
[SourceTitle "CBM 169 Extra"]
[Source "ChessBase"]
[SourceDate "2015.12.18"]
[SourceVersion "1"]
[SourceVersionDate "2015.12.18"]
[SourceQuality "1"]

1. c4 Nf6 2. Nc3 d5 3. cxd5 Nxd5 4. g3 g6 5. Bg2 Nb6 6. h4 h5 7. d3 Bg7 8. Be3 Nc6 9. Bxc6+ bxc6 10. Nf3 Nd5 11. Bd4 0-0 12. Bxg7 Kxg7 13. Qd2 Rb8 14. Rc1 Nf6 15. b3 Qd6 16. Na4 Bg4 17. Ng5 Rb5 18. Qc3 Re5 19. Ne4 Nxe4 20. dxe4 f6 21. f3 Bc8 22. Nc5 Rd8 23. Kf2 Qd2 24. f4 Qxc3 25. Rxc3 Rxc5 26. Rxc5 Rd2 27. Ra5 a6 28. Ke3 Rb2 29. Rd1 Kf7 30. Kd3 Bg4 31. Re1 Ke6 32. Rxa6 Kd6 33. Kc3 Rxe2 34. Rxe2 Bxe2 35. Ra8 e5 36. Rg8 Ke6 37. Rxg6 Kf7 38. f5 c5 39. a4 Bd1 40. a5 Be2 41. Kd2 Bb5 42. g4 hxg4 43. h5 1-0

[Event "London Classic op 7th"]
[Site "London"]
[Date "2015.12.05"]
[Round "3"]
[White "Obioma, Onuoha"]
[Black "Disu, Kayode"]
[Result "1-0"]
[WhiteElo "2165"]
[BlackElo "1910"]
[PlyCount "129"]
[EventDate "2015.12.04"]
[EventType "swiss"]
[EventRounds "9"]
[EventCountry "ENG"]
[SourceTitle "CBM 169 Extra"]
[Source "ChessBase"]
[SourceDate "2015.12.18"]
[SourceVersion "1"]
[SourceVersionDate "2015.12.18"]
[SourceQuality "1"]

1. e4 c5 2. Nf3 e6 3. d4 cxd4 4. Nxd4 Nc6 5. Nc3 Qc7 6. Ndb5 Qb8 7. a4 Nf6 8. Be2 a6 9. Na3 Bb4 10. 0-0 0-0 11. Bf3 Ne5 12. Bf4 d6 13. Qe2 Bd7 14. Bg5 Qc7 15. Nab1 Nc4 16. Nd1 Rac8 17. c3 Ba5 18. Nd2 Nxd2 19. Qxd2 Bc6 20. Bxf6 gxf6 21. Qh6 Qe7 22. Ne3 Rfe8 23. Rfd1 Kh8 24. Rxd6 Qxd6 25. Qxf6+ Kg8 26. Nf5 exf5 27. Qxd6 fxe4 28. Bg4 Rcd8 29. Qf6 Rd5 30. c4 Rde5 31. h4 Bd2 32. Bf5 e3 33. fxe3 Bxe3+ 34. Kh1 Bd2 35. Rf1 Re1 36. Rxe1 Rxe1+ 37. Kh2 Bb4 38. Qh6 f6 39. Qxh7+ Kf8 40. Qh6+ Kf7 41. Qg6+ Ke7 42. Qg7+ Kd8 43. Qxf6+ Kc7 44. Kh3 Re2 45. Qg7+ Kb8 46. g3 Bf3 47. Qh8+ Ka7 48. Qd4+ Ka8 49. c5 Bd2 50. Qd8+ Ka7 51. Qb6+ Kb8 52. c6 Bxc6 53. Kg4 Re8 54. h5 Rg8+ 55. Bg6 Bd7+ 56. Kh4 Bc6 57. b4 Bc3 58. b5 Bf6+ 59. Kg4 Bd8 60. Qd4 axb5 61. axb5 Bg2 62. b6 Bc6 63. Qd6+ Ka8 64. Qe6 Rf8 65. Qc8# 1-0

[Event "BCF-chT2a 1516 (4NCL)"]
[Site "England"]
[Date "2015.11.15"]
[Round "2.247"]
[White "Disu, Kayode"]
[Black "Elwin, Adrian G"]
[Result "1-0"]
[WhiteElo "1904"]
[BlackElo "1989"]
[PlyCount "89"]
[EventDate "2015.11.14"]
[EventType "team-tourn"]
[EventRounds "7"]
[EventCountry "ENG"]
[SourceTitle "CBM 169 Extra"]
[Source "ChessBase"]
[SourceDate "2015.12.18"]
[SourceVersion "1"]
[SourceVersionDate "2015.12.18"]
[SourceQuality "1"]
[WhiteTeam "Kings Head"]
[BlackTeam "MK Phoenix"]
[WhiteTeamCountry "ENG"]
[BlackTeamCountry "ENG"]

1. c4 e5 2. Nc3 Nf6 3. e4 Nc6 4. g3 Bc5 5. Bg2 d6 6. Nge2 Bg4 7. d3 Nd4 8. h3 Bf3 9. 0-0 Bxg2 10. Kxg2 Qd7 11. Be3 h6 12. Bxd4 Bxd4 13. Nxd4 exd4 14. Ne2 c5 15. b4 b5 16. Rc1 0-0 17. bxc5 dxc5 18. f4 b4 19. g4 Qc6 20. Ng3 a5 21. Nf5 Rfe8 22. Qf3 a4 23. g5 Nh7 24. gxh6 g6 25. Ng3 Kh8 26. f5 gxf5 27. Nxf5 Rg8+ 28. Kh1 Qe6 29. h4 b3 30. axb3 axb3 31. Rb1 Rab8 32. Qf4 Qg6 33. Rg1 Qxg1+ 34. Rxg1 Rxg1+ 35. Kxg1 Rg8+ 36. Kh2 b2 37. Nd6 Rg6 38. Qe5+ Nf6 39. Nxf7+ Kh7 40. Ng5+ Kxh6 41. Qb8 Kh5 42. Qxb2 Kxh4 43. Nf3+ Kh5 44. Ne5 Rh6 45. Qg2 1-0

[Event "BCF-chT2a 1516 (4NCL)"]
[Site "England"]
[Date "2015.11.14"]
[Round "1.237"]
[White "Stewart, Ashley"]
[Black "Disu, Kayode"]
[Result "1-0"]
[WhiteElo "2047"]
[BlackElo "1904"]
[PlyCount "83"]
[EventDate "2015.11.14"]
[EventType "team-tourn"]
[EventRounds "7"]
[EventCountry "ENG"]
[SourceTitle "CBM 169 Extra"]
[Source "ChessBase"]
[SourceDate "2015.12.18"]
[SourceVersion "1"]
[SourceVersionDate "2015.12.18"]
[SourceQuality "1"]
[WhiteTeam "Barbican Youth"]
[BlackTeam "Kings Head"]
[WhiteTeamCountry "ENG"]
[BlackTeamCountry "ENG"]

1. d4 d5 2. c4 e6 3. Nf3 c5 4. cxd5 exd5 5. g3 Nc6 6. Bg2 Nf6 7. 0-0 Be7 8. dxc5 Bxc5 9. Nc3 0-0 10. Na4 Be7 11. Be3 Ne4 12. Rc1 Be6 13. Nd4 Nxd4 14. Bxd4 b6 15. Nc3 Nxc3 16. Rxc3 Rc8 17. Rxc8 Qxc8 18. Qd2 Qd7 19. Rd1 Rd8 20. b3 Qb5 21. e3 f6 22. h4 Rc8 23. Bf1 Qb4 24. Qe2 Bf5 25. Bg2 Rd8 26. Rc1 Bc5 27. Bc3 Qa3 28. Rd1 Be6 29. Bf3 Bb4 30. Bxb4 Qxb4 31. Rd4 Qc3 32. Qd1 Rd7 33. Bxd5 Bxd5 34. Rxd5 Re7 35. Rd7 Kf7 36. Qh5+ g6 37. Qxh7+ Ke6 38. Qg8+ Kf5 39. Qd5+ Re5 40. g4+ Kxg4 41. Qg2+ Kf5 42. Qh3+ 1-0

[Event "London Classic op 6th"]
[Site "London"]
[Date "2014.12.10"]
[Round "3"]
[White "Disu, Kayode"]
[Black "Jones, Steven"]
[Result "1/2-1/2"]
[WhiteElo "1879"]
[BlackElo "2096"]
[PlyCount "107"]
[EventDate "2014.12.08"]
[EventType "swiss"]
[EventRounds "9"]
[EventCountry "ENG"]
[SourceTitle "CBM 163 Extra"]
[Source "ChessBase"]
[SourceDate "2014.12.23"]
[SourceVersion "1"]
[SourceVersionDate "2014.12.23"]
[SourceQuality "1"]

1. e4 d5 2. exd5 Qxd5 3. Nc3 Qd6 4. d4 Nf6 5. Nf3 a6 6. Bc4 b5 7. Bb3 c5 8. dxc5 Qxd1+ 9. Kxd1 e6 10. Ke2 Bxc5 11. Be3 Nbd7 12. Rhd1 Bb7 13. a3 Rc8 14. Rd2 0-0 15. Rad1 Nb6 16. Bxc5 Rxc5 17. Rd8 Nbd5 18. Rxf8+ Kxf8 19. Nxd5 Nxd5 20. Bxd5 Bxd5 21. c3 Ke7 22. Ke3 f6 23. g3 e5 24. Nd2 Ke6 25. f4 exf4+ 26. Kxf4 f5 27. Re1+ Kf6 28. Ke3 Bb7 29. Nf3 Rc7 30. Rd1 Re7+ 31. Kf2 g6 32. Rd6+ Re6 33. Rxe6+ Kxe6 34. Ng5+ Kd5 35. Ke3 h5 36. Nf3 Kc4 37. Nd2+ Kd5 38. Kf4 Bc6 39. Kg5 Be8 40. Kf6 a5 41. h4 a4 42. Ke7 Bc6 43. Kf7 Ke5 44. Kxg6 f4 45. gxf4+ Kxf4 46. Kxh5 Ke3 47. Nf1+ Kd3 48. Kg5 Kc2 49. Ne3+ Kxb2 50. h5 Be4 51. Nf5 Bd5 52. Ne7 Be4 53. Ng6 Bd5 54. Ne7 1/2-1/2

[Event "London Classic op 6th"]
[Site "London"]
[Date "2014.12.08"]
[Round "1"]
[White "Disu, Kayode"]
[Black "Maisuradze, Nino"]
[Result "0-1"]
[WhiteElo "1879"]
[BlackElo "2323"]
[PlyCount "154"]
[EventDate "2014.12.08"]
[EventType "swiss"]
[EventRounds "9"]
[EventCountry "ENG"]
[SourceTitle "CBM 163 Extra"]
[Source "ChessBase"]
[SourceDate "2014.12.23"]
[SourceVersion "1"]
[SourceVersionDate "2014.12.23"]
[SourceQuality "1"]

1. e4 c5 2. Nc3 Nc6 3. f4 g6 4. Nf3 Bg7 5. Bb5 Nh6 6. 0-0 0-0 7. d3 d6 8. Bxc6 bxc6 9. Bd2 Qb6 10. Na4 Qa6 11. c4 f5 12. Rc1 fxe4 13. dxe4 Bg4 14. h3 Bd7 15. b3 Rae8 16. Be3 Qc8 17. Qd2 Nf7 18. Rcd1 Rd8 19. Nc3 e5 20. fxe5 Nxe5 21. Nxe5 Bxe5 22. Bf4 Bd4+ 23. Be3 Be5 24. Bf4 Bd4+ 25. Be3 Rxf1+ 26. Rxf1 Bh8 27. Rf3 Be6 28. Bh6 Bd4+ 29. Kh1 Bf7 30. Ne2 Be5 31. Bf4 Bg7 32. Rd3 d5 33. exd5 cxd5 34. cxd5 Qb7 35. d6 c4 36. bxc4 Bxc4 37. Re3 Qb1+ 38. Kh2 Qf5 39. Ng3 Qf8 40. Rf3 Qe8 41. Bg5 Rd7 42. Re3 Qb8 43. Be7 Bh6 44. Qd4 Bxa2 45. Ra3 Bf7 46. Qg4 Rxd6 47. Bxd6 Qxd6 48. Qc8+ Bf8 49. Rxa7 h5 50. Qc7 Qxc7 51. Rxc7 Bd6 52. Rc8+ Kg7 53. h4 Be7 54. Nf1 Bxh4 55. Rc7 Bf6 56. g3 h4 57. Rd7 Be5 58. Ra7 Kf6 59. Ra3 Bc4 60. Ne3 Bxg3+ 61. Kg2 Be6 62. Ra5 Be5 63. Ra4 h3+ 64. Kg1 Bd7 65. Ng4+ Kg5 66. Ra5 Kxg4 67. Rxe5 g5 68. Kh2 Kf4 69. Rd5 Bf5 70. Rd4+ Kf3 71. Rd5 Kf4 72. Rxf5+ Kxf5 73. Kxh3 Kf4 74. Kg2 Kg4 75. Kh2 Kf3 76. Kg1 g4 77. Kf1 g3 0-1

[Event "BCF-chT3 1314 (4NCL)"]
[Site "England"]
[Date "2014.03.22"]
[Round "7.70"]
[White "Disu, Kayode"]
[Black "McAleenan, Charles T"]
[Result "1-0"]
[WhiteElo "1896"]
[BlackElo "1815"]
[PlyCount "67"]
[EventDate "2013.11.16"]
[EventType "team-swiss"]
[EventRounds "11"]
[EventCountry "ENG"]
[SourceTitle "EXT 2015"]
[Source "ChessBase"]
[SourceDate "2014.11.20"]
[SourceVersion "1"]
[SourceVersionDate "2014.11.20"]
[SourceQuality "1"]
[WhiteTeam "Kings Head II"]
[BlackTeam "Fermented Sharks"]
[WhiteTeamCountry "ENG"]
[BlackTeamCountry "ENG"]

1. c4 f5 2. g3 Nf6 3. Bg2 e6 4. Nc3 d5 5. d4 c6 6. Nf3 Bd6 7. 0-0 0-0 8. b3 Ne4 9. Qc2 Nd7 10. a4 Qe7 11. c5 Bc7 12. b4 e5 13. e3 Nxc3 14. Qxc3 e4 15. Nd2 Nf6 16. Ba3 g5 17. f3 Bd7 18. fxe4 fxe4 19. b5 Ng4 20. b6 axb6 21. cxb6 Rxf1+ 22. Nxf1 Bd6 23. Bxd6 Qxd6 24. a5 Qf6 25. Ra2 Rf8 26. a6 Nf2 27. Qe1 Nh3+ 28. Bxh3 Bxh3 29. Rf2 Qd8 30. Rxf8+ Kxf8 31. Qb4+ Kf7 32. a7 h5 33. Qa3 Bxf1 34. a8Q 1-0

[Event "London Classic op 4th"]
[Site "London"]
[Date "2012.12.09"]
[Round "9"]
[White "Jakobsen, Alf Gjoran"]
[Black "Disu, Kayode"]
[Result "1/2-1/2"]
[WhiteElo "1901"]
[BlackElo "2010"]
[PlyCount "52"]
[EventDate "2012.12.01"]
[EventType "swiss"]
[EventRounds "9"]
[EventCountry "ENG"]
[SourceTitle "EXT 2014"]
[Source "ChessBase"]
[SourceDate "2013.11.20"]
[SourceVersion "1"]
[SourceVersionDate "2013.11.20"]
[SourceQuality "1"]

1. d4 g6 2. c4 Bg7 3. Nc3 c5 4. e3 Nf6 5. Nf3 0-0 6. Be2 cxd4 7. exd4 d5 8. cxd5 Nxd5 9. 0-0 Nc6 10. h3 h6 11. Re1 Be6 12. Bb5 Nxc3 13. bxc3 Na5 14. Bf4 Rc8 15. Qd2 g5 16. Be5 Nc4 17. Bxc4 Bxc4 18. Bxg7 Kxg7 19. Nxg5 Rg8 20. Nf3 Bd5 21. Qe3 e6 22. g3 Qf6 23. Ne5 Qf5 24. Ng4 Qg6 25. Ne5 Qf5 26. Ng4 Qg6 1/2-1/2

[Event "London Classic op 4th"]
[Site "London"]
[Date "2012.12.02"]
[Round "2"]
[White "Disu, Kayode"]
[Black "Rallabandi, Praveen Kumar"]
[Result "1/2-1/2"]
[WhiteElo "2010"]
[BlackElo "1793"]
[PlyCount "75"]
[EventDate "2012.12.01"]
[EventType "swiss"]
[EventRounds "9"]
[EventCountry "ENG"]
[SourceTitle "CBM 151 Extra"]
[Source "ChessBase"]
[SourceDate "2012.12.18"]
[SourceVersion "1"]
[SourceVersionDate "2012.12.18"]
[SourceQuality "1"]

1. Nf3 Nf6 2. g3 g6 3. Bg2 Bg7 4. 0-0 0-0 5. c4 c5 6. Nc3 d5 7. cxd5 Nxd5 8. Nxd5 Qxd5 9. d3 Nc6 10. Be3 Qd6 11. Qc1 Nd4 12. Bxd4 Bxd4 13. Nxd4 Qxd4 14. Qc3 Qxc3 15. bxc3 Rb8 16. Rfb1 b6 17. a4 Bb7 18. c4 Bxg2 19. Kxg2 f5 20. a5 Rf6 21. axb6 axb6 22. Ra7 Kf7 23. Rba1 Re6 24. Kf1 b5 25. cxb5 Rxb5 26. Rd7 Rb2 27. e3 Rd6 28. Rxd6 exd6 29. Ra7+ Kf6 30. Rd7 Ke6 31. Rxh7 Rd2 32. h4 Rxd3 33. Rh6 Kf7 34. Rh7+ Ke6 35. Ke2 Ra3 36. Rg7 Kf6 37. Rd7 Ke6 38. Rg7 1/2-1/2

[Event "London Classic op 4th"]
[Site "London"]
[Date "2012.12.01"]
[Round "1"]
[White "Slavin, Alexei"]
[Black "Disu, Kayode"]
[Result "1-0"]
[WhiteElo "2397"]
[BlackElo "2010"]
[PlyCount "71"]
[EventDate "2012.12.01"]
[EventType "swiss"]
[EventRounds "9"]
[EventCountry "ENG"]
[SourceTitle "CBM 151 Extra"]
[Source "ChessBase"]
[SourceDate "2012.12.18"]
[SourceVersion "1"]
[SourceVersionDate "2012.12.18"]
[SourceQuality "1"]

1. d4 g6 2. c4 Bg7 3. e4 c5 4. d5 d6 5. Nc3 Nf6 6. Nf3 0-0 7. Be2 Bg4 8. h3 Bxf3 9. Bxf3 Nbd7 10. 0-0 Ne8 11. Bg5 Nc7 12. Be2 a6 13. a4 Rb8 14. Qd2 Re8 15. f4 f6 16. Bh4 Bh6 17. g4 e5 18. dxe6 Nxe6 19. Bg3 Nd4 20. h4 f5 21. exf5 gxf5 22. g5 Nxe2+ 23. Nxe2 Bg7 24. Rae1 Qb6 25. Nc3 Nf8 26. h5 h6 27. Nd5 Qxb2 28. Qxb2 Bxb2 29. Ne7+ Kh8 30. Nxf5 d5 31. cxd5 c4 32. Bf2 b5 33. axb5 axb5 34. Rb1 Re2 35. Rxb2 Rxb2 36. Bd4+ 1-0